00810naa a2200217 i 45000010005000000030009000050050017000140080041000310210007000720350022000790400013001010410008001140430008001221000039001302450106001695200137002757730100004129420009005129990015005219520056005364371ES-MaBCM20241016090843.0881219s1988 esp 000 0 spa d axx a(OCoLC)1293717530 cES-MaBCM0 aspa aesp1 aMuñoz Escalona, Francisco93292510aEconomía de la producción turísticab: hacia un enfoque alternativocFrancisco Muñoz Escalona aActividad turística. El turismo como consumo y producción multisectorial y unisectorial. Hacia una nueva economía del turismo.0 aEn:tInformación comercial españoladMadrid : 1988gnº 663, noviembre ; p. 117-131w104445 cAREV c4371d4371 00104070aBCbBCd2012-04-21l0w2012-04-21yAREV